| 000 | 02382nam a2200421Ia 4500 | ||
|---|---|---|---|
| 001 | dia_6486 | ||
| 003 | CHAP | ||
| 005 | 20240509122839.0 | ||
| 007 | ta | ||
| 008 | 220117s2017 mx ado f 001 0 spa d | ||
| 040 |
_cCHAP _amxchpua |
||
| 090 |
_aT.C.739 _bS26 IAI _c2017 |
||
| 245 | 1 | 0 |
_aReporte de fase de campo de la materia de Interrelación Agricultura-Industria / _ccoordinadora Ofelia Sandoval Castilla ; colaboradores Itzel Abarca Leocadio...[y otros] |
| 260 |
_aMéxico : _bEl autor, _c2017 |
||
| 300 |
_a179 páginas : _bilustraciones, diagramas, tablas, gráficas, fotos |
||
| 336 |
_2rdacontent _atexto _btxt |
||
| 337 |
_2rdamedia _ano mediado _bn |
||
| 338 |
_2rdacarrier _avolumen _bnc |
||
| 500 | _aGrado: 5° año Grupo: 01 | ||
| 502 |
_aViaje de Estudios _b(IAI) -- _cUACh. Departamento de Ingeniería Agroindustrial, _d2017 |
||
| 504 | _aBibliografía: páginas 160-168 | ||
| 505 | 0 | 0 |
_aEmpresas visitadas : --
_t1.Productos Alimenticios Oly -- 2. Centro de Acopio El Ranchito -- 3. Centro de Acopio El Capulín -- 4. Centro de Acopio Tarimoro -- 5. Centro de acopio Duces Nombres -- 6. Centro de Acopio Lechería 1-- 7. Centro de Acopio Las Cañas -- 8. Centro de Acopio Emiliano Zapata -- 9. Fábrica de Cajetas La Reyna -- 10. La Tradicional de Salgado -- 11. Los Chiveros, S.P.R. de R.L. -- 12. CAPRINUTRE, S.P.R. de R. L. -- 13. Viñedos Azteca, S. A. de C. V. -- 14. Viñedo San Patricio -- 15. Sala vivé By Freixenet -- 16. Viñedos La Redonda -- 17. Bodegas de Cote Casa Vitivinícola -- 18. Viñedo Los Rosales |
| 650 | 1 | 3 |
_aLeche de cabra _xIndustria y comercio _9161606 _zMéxico _zGuanajuato |
| 650 | 1 | 3 |
_aIndustria del vino _9161605 _zMéxico _zGuanajuato |
| 650 | 1 | 3 |
_aIndustria agrícola _9154273 _zMéxico _zGuanajuato |
| 650 | 1 | 3 |
_aAgricultural industry _9154272 _zMexico _zGuanajuato |
| 650 | 1 | 3 |
_aGoat milk _xIndustry and trade _9161604 _zMéxico _zGuanajuato |
| 650 | 1 | 3 |
_aWine industry _9161607 _zMéxico _zGuanajuato |
| 700 | 1 |
_aSandoval Castilla, Ofelia _9151810 _ecoordinadora |
|
| 700 | 1 |
_aAbarca Leocadio, Itzel _9150531 _ecolaboradora |
|
| 856 | 4 | 2 |
_uhttp://10.13.5.2/ve/TC739IAI/TC739IAI2017-REPORTE.pdf _yDESCARGAR REPORTE |
| 901 | _aT.C.739 S26 IAI 2017 | ||
| 902 | _aM | ||
| 905 | _a5232272017 mx nmdl8223123322spa16 | ||
| 942 | _2local | ||
| 942 | _cVE | ||
| 999 |
_c177592 _d177592 |
||